| 000 | 00608nam a2200181Ia 4500 | ||
|---|---|---|---|
| 008 | 151018s9999 xx 000 0 und d | ||
| 082 |
_bRBASDV60397 _a891.433 |
||
| 100 | _aएन उन्नी | ||
| 245 | _aकबूतरों से भी खतरा है | ||
| 250 | _b1 | ||
| 260 |
_bमित्तल एंड सन्स _c2010 |
||
| 300 | _a136 | ||
| 600 | _aएन उन्नी | ||
| 630 | _aकबूतरों से भी खतरा है | ||
| 700 | _aएन उन्नी | ||
| 730 | _aकबूतरों से भी खतरा है | ||
| 942 | _cBOOK | ||
| 999 |
_c1053932 _d1053929 |
||